[Event "21st PKWN Festival it"]
[Site "Naleczow POL"]
[Date "1985.07.14"]
[Round "1"]
[White "Velikov, Petar"]
[Black "Dybowski, Jerzy"]
[Result "1-0"]
[WhiteElo "2450"]
[BlackElo "2275"]
[EventDate "1985.07.15"]
[PlyCount "59"]

1.Nf3 f5 2.d4 Nf6 3.g3 g6 4.Bg2 Bg7 5.O-O O-O 6.b3 d6 7.Bb2 e6 8.c4 Qe7 9.
Nc3 Ne4 10.Nxe4 fxe4 11.Ne1 d5 12.f3 exf3 13.Nxf3 Nc6 14.Qd3 e5 15.Nxe5 
Nxe5 16.dxe5 dxc4 17.Qxc4+ Kh8 18.Rxf8+ Bxf8 19.Rc1 c6 20.e6+ Kg8 21.Bh3 
b6 22.Qd4 Qc5 23.Rf1 Qxd4+ 24.Bxd4 c5 25.Be5 Bg7 26.Bxg7 Kxg7 27.Rf7+ Kg8 
28.Rc7 Ba6 29.Bg2 Re8 30.Bc6 1-0

[Event "21st PKWN Festival it"]
[Site "Naleczow POL"]
[Date "1985.07.14"]
[Round "1"]
[White "Gesos, Pavlos"]
[Black "Lukacs, Peter"]
[Result "1/2-1/2"]
[WhiteElo "2405"]
[BlackElo "2470"]
[EventDate "1985.07.15"]
[PlyCount "26"]

1.c4 e5 2.Nc3 d6 3.g3 g6 4.Bg2 Bg7 5.e3 Ne7 6.Nge2 O-O 7.O-O Nbc6 8.a3 a5 
9.Rb1 Be6 10.Nd5 Qd7 11.Nec3 Nd8 12.b4 axb4 13.axb4 f5 1/2-1/2

[Event "21st PKWN Festival it"]
[Site "Naleczow POL"]
[Date "1985.07.14"]
[Round "1"]
[White "Staniszewski, Piotr"]
[Black "Blatny, Pavel"]
[Result "1-0"]
[WhiteElo "2380"]
[BlackElo "2395"]
[EventDate "1985.07.15"]
[PlyCount "102"]

1.e4 e5 2.Nf3 Nc6 3.Bb5 a6 4.Ba4 Nf6 5.O-O Be7 6.Re1 b5 7.Bb3 O-O 8.c3 d5 
9.exd5 Nxd5 10.Nxe5 Nxe5 11.Rxe5 c6 12.g3 Bd6 13.Re1 Qd7 14.d4 Qh3 15.Re4 
g5 16.Qf3 Bf5 17.Bc2 Bxe4 18.Bxe4 Qe6 19.Bxg5 f5 20.Bd3 f4 21.Qe4 Qxe4 22.
Bxe4 Rae8 23.Nd2 Re6 24.Kg2 Kg7 25.g4 h6 26.Bh4 Rfe8 27.Kf3 Bc7 28.Bf5 Re1
29.Rxe1 Rxe1 30.Bd7 b4 31.c4 Nc3 32.Bxc6 Rd1 33.bxc3 bxc3 34.Nb3 c2 35.Be4
c1=Q 36.Nxc1 Rxc1 37.Bd3 Ra1 38.c5 Rxa2 39.d5 Ra3 40.Ke4 Ra4+ 41.Kf5 Ra5 
42.Bf6+ Kf7 43.Bd4 Bb8 44.Ke4 Ra4 45.h4 a5 46.g5 hxg5 47.hxg5 Kg6 48.d6 
Kxg5 49.Kd5 Rb4 50.Be5 Rb3 51.Be4 Kg4 1-0

[Event "21st PKWN Festival it"]
[Site "Naleczow POL"]
[Date "1985.07.14"]
[Round "1"]
[White "Dejkalo, Stefan"]
[Black "Hawelko, Marek"]
[Result "1-0"]
[WhiteElo "2325"]
[BlackElo "2420"]
[EventDate "1985.07.15"]
[PlyCount "63"]

1.d4 Nf6 2.c4 e6 3.Nf3 d5 4.Bg5 dxc4 5.Qa4+ Nbd7 6.Nc3 Be7 7.e3 O-O 8.Qxc4
a6 9.b4 b5 10.Qb3 a5 11.Bxb5 axb4 12.Na4 Ra5 13.Bxd7 Qxd7 14.Nc5 Bxc5 15.
dxc5 Ne4 16.O-O Nxg5 17.Nxg5 Rxc5 18.Ne4 Rb5 19.Rfd1 Qe7 20.f3 Ra5 21.Rdc1
Ba6 22.Qc2 c5 23.h3 h6 24.Rd1 Bb7 25.Rd2 Rfa8 26.Nd6 Bd5 27.Nc4 Qf6 28.
Rad1 Rxa2 29.Qd3 Rxd2 30.Rxd2 Qc3 31.Nb6 Ra1+ 32.Kh2 1-0

[Event "21st PKWN Festival it"]
[Site "Naleczow POL"]
[Date "1985.07.14"]
[Round "1"]
[White "Smagin, Sergei"]
[Black "Ionescu, Constantin"]
[Result "1/2-1/2"]
[WhiteElo "2405"]
[BlackElo "2420"]
[EventDate "1985.07.15"]
[PlyCount "70"]

1.e4 c5 2.Nf3 e6 3.d4 cxd4 4.Nxd4 a6 5.Bd3 Nf6 6.O-O d6 7.c4 b6 8.Nc3 Bb7 
9.Be3 Nbd7 10.Qa4 Rc8 11.b4 g6 12.Rac1 Bg7 13.Nf3 O-O 14.Qa3 Ng4 15.Bg5 
Qc7 16.b5 Nc5 17.bxa6 Bxa6 18.Nb5 Bxb5 19.cxb5 Ra8 20.Qb3 Qb7 21.Qb1 Ra3 
22.Bc2 Rfa8 23.Bb3 Nxe4 24.Rc6 d5 25.Bf4 Nc5 26.Rc7 Qb8 27.Rxf7 Qe8 28.Rc7
Qxb5 29.Qe1 Nf6 30.Rxc5 bxc5 31.Qxe6+ Kh8 32.Ne5 Qe8 33.Nf7+ Kg8 34.Nh6+ 
Kh8 35.Nf7+ Kg8 1/2-1/2

[Event "21st PKWN Festival it"]
[Site "Naleczow POL"]
[Date "1985.07.14"]
[Round "1"]
[White "Dobosz, Henryk"]
[Black "Redzepagic, Rolando"]
[Result "1/2-1/2"]
[WhiteElo "2380"]
[BlackElo "2345"]
[EventDate "1985.07.15"]
[PlyCount "79"]

1.d4 Nf6 2.c4 c5 3.d5 b5 4.cxb5 a6 5.e3 Bb7 6.Nc3 Qa5 7.Bd2 axb5 8.Bxb5 
Qb6 9.Qb3 e6 10.Bc4 Qxb3 11.Bxb3 exd5 12.Nge2 Na6 13.O-O Be7 14.Rfd1 O-O 
15.Be1 c4 16.Bc2 Rfb8 17.Nd4 Bc6 18.Rab1 Bc5 19.a3 Rb7 20.Nce2 Nc7 21.Bc3 
Ba4 22.Bxa4 Rxa4 23.Nf5 Ra6 24.Nf4 g5 25.Ne2 h5 26.h4 gxh4 27.Nxh4 Ne4 28.
Nf5 Rab6 29.Ra1 Nxc3 30.bxc3 Rb2 31.Nf4 Rc2 32.Nxd5 Nxd5 33.Rxd5 Bf8 34.
Ng3 Rbb2 35.Ne4 Bg7 36.a4 Bxc3 37.a5 Bg7 38.a6 Ra2 39.Rb1 Rxa6 40.Rb8+ 
1/2-1/2

[Event "21st PKWN Festival it"]
[Site "Naleczow POL"]
[Date "1985.07.14"]
[Round "1"]
[White "Adamski, Jan"]
[Black "Ksieski, Zbigniew"]
[Result "1/2-1/2"]
[WhiteElo "2450"]
[BlackElo "2380"]
[EventDate "1985.07.15"]
[PlyCount "42"]

1.d4 Nf6 2.c4 e6 3.g3 Bb4+ 4.Bd2 a5 5.Bg2 O-O 6.Qc2 Qe7 7.Nc3 d5 8.Nf3 Nc6
9.a3 Bxc3 10.Bxc3 Ne4 11.O-O Rd8 12.b3 Nxc3 13.Qxc3 Bd7 14.e3 Be8 15.Rfc1 
Rac8 16.cxd5 exd5 17.Ne1 Qd6 18.Nd3 b6 19.Bh3 Ra8 20.a4 Qh6 21.Bg2 Ra7 
1/2-1/2

[Event "21st PKWN Festival it"]
[Site "Naleczow POL"]
[Date "1985.07.14"]
[Round "1"]
[White "Przewoznik, Jan"]
[Black "Tomaszewski, Roman"]
[Result "1-0"]
[WhiteElo "2405"]
[BlackElo "2410"]
[EventDate "1985.07.15"]
[PlyCount "109"]

1.e4 c6 2.d4 d5 3.Nd2 dxe4 4.Nxe4 Nd7 5.Bc4 Ngf6 6.Ng5 e6 7.Qe2 Nb6 8.Bd3 
h6 9.N5f3 c5 10.dxc5 Bxc5 11.Ne5 Nbd7 12.Ngf3 Qc7 13.O-O O-O 14.Bf4 Bd6 
15.Nxd7 Bxd7 16.Bxd6 Qxd6 17.Rad1 Qb6 18.c4 Rfd8 19.Rd2 Be8 20.Rfd1 Kf8 
21.Bb1 Rxd2 22.Rxd2 Rc8 23.Ne5 a5 24.h3 Ke7 25.b3 Rd8 26.Rxd8 Qxd8 27.Be4 
b6 28.Bf3 Qd4 29.g3 Kd6 30.Nd3 e5 31.Bg2 e4 32.Nf4 Bc6 33.Qe1 Nd7 34.Ne2 
Qd3 35.Nf4 Qd4 36.Ne2 Qd3 37.Nf4 Qc2 38.Qe3 Qb1+ 39.Kh2 Qxa2 40.Ne2 Nc5 
41.Qf4+ Ke7 42.Qc7+ Bd7 43.Nd4 g6 44.Qxb6 Ne6 45.Nxe6 Bxe6 46.Bxe4 a4 47.
Qa7+ Kd6 48.bxa4 Qxc4 49.Bg2 Qc5 50.Qa6+ Kc7 51.a5 Bc8 52.Qf6 Be6 53.Qf4+ 
Kd8 54.Qb8+ Ke7 55.a6 1-0

[Event "21st PKWN Festival it"]
[Site "Naleczow POL"]
[Date "1985.07.15"]
[Round "2"]
[White "Dybowski, Jerzy"]
[Black "Tomaszewski, Roman"]
[Result "1/2-1/2"]
[WhiteElo "2275"]
[BlackElo "2410"]
[EventDate "1985.07.15"]
[PlyCount "36"]

1.g3 d5 2.Bg2 e5 3.c4 c6 4.Qb3 Nf6 5.cxd5 cxd5 6.Nc3 Nc6 7.d3 d4 8.Ne4 
Nxe4 9.Bxe4 Bb4+ 10.Kf1 Qa5 11.a3 Be7 12.Kg2 O-O 13.Nf3 Qa6 14.Bd5 Na5 15.
Qa2 Qd6 16.b4 Nc6 17.b5 Nd8 18.Bd2 Be6 1/2-1/2

[Event "21st PKWN Festival it"]
[Site "Naleczow POL"]
[Date "1985.07.15"]
[Round "2"]
[White "Ksieski, Zbigniew"]
[Black "Przewoznik, Jan"]
[Result "1/2-1/2"]
[WhiteElo "2380"]
[BlackElo "2405"]
[EventDate "1985.07.15"]
[PlyCount "79"]

1.Nf3 Nf6 2.c4 e6 3.g3 d5 4.Bg2 Nbd7 5.b3 Be7 6.O-O O-O 7.d4 dxc4 8.bxc4 
c5 9.e3 Nb6 10.Ne5 Nfd7 11.Qc2 cxd4 12.exd4 Nxe5 13.dxe5 Qd4 14.Ba3 Bxa3 
15.Nxa3 Qxe5 16.c5 Nd5 17.Rfe1 Qb8 18.Rab1 Bd7 19.Be4 h6 20.Nc4 Qc7 21.
Bxd5 exd5 22.Nd6 b6 23.Re7 Qd8 24.Rbe1 Be6 25.Nf5 Bxf5 26.Qxf5 bxc5 27.Rd7
Qa5 28.Ree7 Qxa2 29.Kg2 d4 30.Qxc5 Rad8 31.Rxa7 Qb1 32.Rab7 Qg6 33.Rb6 Qg5
34.Re5 Qg4 35.Rd6 d3 36.Qd5 Qc8 37.Qxd3 Qa8+ 38.Kg1 Rxd6 39.Qxd6 Rd8 40.
Qe7 1/2-1/2

[Event "21st PKWN Festival it"]
[Site "Naleczow POL"]
[Date "1985.07.15"]
[Round "2"]
[White "Ionescu, Constantin"]
[Black "Dobosz, Henryk"]
[Result "1/2-1/2"]
[WhiteElo "2420"]
[BlackElo "2380"]
[EventDate "1985.07.15"]
[PlyCount "40"]

1.d4 Nf6 2.c4 e6 3.Nc3 d5 4.cxd5 exd5 5.Bf4 c6 6.e3 Bf5 7.Bd3 Bxd3 8.Qxd3 
Nh5 9.Bg3 Nd7 10.Nf3 Be7 11.O-O-O O-O 12.Kb1 Re8 13.Be5 Nhf6 14.Bg3 Bb4 
15.Nd2 a5 16.Rc1 a4 17.Rc2 a3 18.b3 Qa5 19.Rhc1 Re6 20.f3 Rae8 1/2-1/2

[Event "21st PKWN Festival it"]
[Site "Naleczow POL"]
[Date "1985.07.15"]
[Round "2"]
[White "Blatny, Pavel"]
[Black "Dejkalo, Stefan"]
[Result "1-0"]
[WhiteElo "2395"]
[BlackElo "2325"]
[EventDate "1985.07.15"]
[PlyCount "153"]

1.e4 c6 2.d4 d5 3.exd5 cxd5 4.c4 Nf6 5.Nc3 e6 6.c5 Be7 7.Nf3 Ne4 8.Qc2 f5 
9.Bf4 O-O 10.h4 Bd7 11.Ne5 Nc6 12.Nxc6 Bxc6 13.g3 Bf6 14.f3 Nxc3 15.Qxc3 
Re8 16.O-O-O b6 17.Kb1 Qd7 18.Rc1 b5 19.Qe3 Kh8 20.Be5 Rac8 21.Bd3 b4 22.
h5 Bxe5 23.Qxe5 Qc7 24.Rce1 Kg8 25.Qxc7 Rxc7 26.Re5 a5 27.Rhe1 Kf7 28.Rh1 
Kf6 29.g4 g6 30.Kc2 Rce7 31.Kd2 Kg5 32.Ke3 Bd7 33.f4+ Kf6 34.Kf3 Bc6 35.
Kg3 a4 36.Kf3 Ra7 37.Rg1 a3 38.b3 Rf7 39.Rg3 Rg7 40.Kf2 Rgg8 41.Rg1 Ref8 
42.Rge1 Re8 43.Rh1 Rh8 44.Re3 Kf7 45.Rg3 Kf6 46.Rgh3 Kg7 47.Kg3 Reg8 48.
Kh4 Kf6 49.Rg3 Re8 50.Re1 Rhg8 51.Rge3 Re7 52.Be2 Ree8 53.Bf1 Re7 54.Re5 
Ree8 55.R1e3 Re7 56.Bd3 Ree8 57.Rg3 Bd7 58.Re1 g5+ 59.fxg5+ Rxg5 60.gxf5 
Rxg3 61.Kxg3 Rg8+ 62.Kf2 exf5 63.Re5 Be6 64.Ba6 Rg4 65.c6 Rg7 66.Ke3 Rc7 
67.Bb5 Ke7 68.Kf4 Kd6 69.Kg5 Rf7 70.Be2 Rc7 71.Bf3 Rxc6 72.Kf6 Kd7 73.Kg7 
Rc2 74.Kf6 Rf2 75.Be2 Bg8 76.Bb5+ Kd6 77.Re7 1-0

[Event "21st PKWN Festival it"]
[Site "Naleczow POL"]
[Date "1985.07.15"]
[Round "2"]
[White "Lukacs, Peter"]
[Black "Staniszewski, Piotr"]
[Result "1/2-1/2"]
[WhiteElo "2470"]
[BlackElo "2380"]
[EventDate "1985.07.15"]
[PlyCount "82"]

1.d4 Nf6 2.c4 e6 3.Nc3 d5 4.Nf3 Be7 5.Bg5 h6 6.Bh4 O-O 7.e3 b6 8.Be2 Bb7 
9.Bxf6 Bxf6 10.cxd5 exd5 11.O-O Nd7 12.b4 c5 13.bxc5 bxc5 14.Qb3 cxd4 15.
Nxd4 Nc5 16.Qb4 Qb6 17.Rab1 Qxb4 18.Rxb4 Rab8 19.Rfb1 Rbc8 20.Bg4 Rc7 21.
Ncb5 Re7 22.Nxa7 Ra8 23.Nab5 Rxa2 24.Nd6 Be5 25.Nxb7 Rxb7 26.Rxb7 Nxb7 27.
Nc6 Bf6 28.Bf3 Ra1 29.Rxa1 Bxa1 30.Bxd5 Nd6 31.g4 g5 32.Kg2 Kg7 33.Kf3 f5 
34.gxf5 Nxf5 35.Kg4 Nd6 36.Bb3 Kf6 37.Kh5 Kg7 38.Nd8 Ne4 39.Ne6+ Kf6 40.f4
gxf4 41.Nxf4 Nd6 1/2-1/2

[Event "21st PKWN Festival it"]
[Site "Naleczow POL"]
[Date "1985.07.15"]
[Round "2"]
[White "Velikov, Petar"]
[Black "Gesos, Pavlos"]
[Result "1/2-1/2"]
[WhiteElo "2450"]
[BlackElo "2405"]
[EventDate "1985.07.15"]
[PlyCount "44"]

1.d4 Nf6 2.Nf3 g6 3.g3 Bg7 4.Bg2 O-O 5.O-O d6 6.c4 Nc6 7.Nc3 a6 8.Qc2 Bg4 
9.Rd1 Nd7 10.Be3 e5 11.dxe5 dxe5 12.Qd2 Nb6 13.b3 Rb8 14.c5 Nd7 15.Ng5 Nf6
16.h3 Qxd2 17.Rxd2 Bd7 18.Rad1 h6 19.Nf3 Be6 20.g4 g5 21.Nh2 Ne7 22.Nf1 c6
1/2-1/2

[Event "21st PKWN Festival it"]
[Site "Naleczow POL"]
[Date "1985.07.16"]
[Round "3"]
[White "Gesos, Pavlos"]
[Black "Dybowski, Jerzy"]
[Result "1/2-1/2"]
[WhiteElo "2405"]
[BlackElo "2275"]
[EventDate "1985.07.15"]
[PlyCount "81"]

1.e4 c5 2.Nf3 Nc6 3.d4 cxd4 4.Nxd4 Nf6 5.Nc3 e5 6.Ndb5 d6 7.Bg5 a6 8.Na3 
b5 9.Nd5 Qa5+ 10.Bd2 Qd8 11.Bg5 Qa5+ 12.Bd2 Qd8 13.Nxf6+ Qxf6 14.c4 Be7 
15.cxb5 Nd4 16.Be3 O-O 17.bxa6 d5 18.exd5 Bb4+ 19.Bd2 Bxa3 20.bxa3 Qg6 21.
f3 Nc2+ 22.Kf2 Qb6+ 23.Kg3 f5 24.h3 Nxa1 25.Qxa1 e4 26.Bb4 Re8 27.Qc3 Bxa6
28.Bxa6 Qg6+ 29.Kh2 Qxa6 30.d6 Qb5 31.Rd1 Qd7 32.Qc4+ Kh8 33.fxe4 Rac8 34.
Qd5 Rxe4 35.Rf1 g6 36.Bc5 h5 37.Rb1 Re7 38.Bd4+ Kh7 39.Bf6 Rf7 40.Rd1 Rd8 
41.Rc1 1/2-1/2

[Event "21st PKWN Festival it"]
[Site "Naleczow POL"]
[Date "1985.07.16"]
[Round "3"]
[White "Staniszewski, Piotr"]
[Black "Velikov, Petar"]
[Result "0-1"]
[WhiteElo "2380"]
[BlackElo "2450"]
[EventDate "1985.07.15"]
[PlyCount "100"]

1.e4 c5 2.Nf3 e6 3.d4 cxd4 4.Nxd4 a6 5.Bd3 Nf6 6.O-O Qc7 7.c4 Nc6 8.Nxc6 
dxc6 9.f4 e5 10.Nc3 Bc5+ 11.Kh1 Ng4 12.Qe1 Qd6 13.Be2 Ne3 14.Bxe3 Bxe3 15.
Bh5 exf4 16.Bxf7+ Ke7 17.Rd1 Qe5 18.g3 g5 19.gxf4 Bxf4 20.Bh5 Rd8 21.Rxd8 
Kxd8 22.Qf2 Kc7 23.Na4 Qxe4+ 24.Bf3 Qe3 25.Qxe3 Bxe3 26.Re1 Bd4 27.Re7+ 
Kd6 28.Rxh7 Bf5 29.c5+ Ke5 30.Rxb7 Kf4 31.Kg2 a5 32.Nc3 Bxc5 33.Bxc6 Rd8 
34.Ne2+ Ke5 35.Rb5 Kd6 36.Bb7 Bd3 37.Rxa5 Bxe2 38.b4 Be3 39.Rd5+ Kc7 40.
Rxd8 Kxd8 41.Bf3 Bc4 42.a4 Bd2 43.b5 Be6 44.b6 Ba5 45.b7 Kc7 46.Kf2 Bd7 
47.Be4 Bxa4 48.Kg3 Be1+ 49.Kg4 Bh4 50.Bf3 Bb5 0-1

[Event "21st PKWN Festival it"]
[Site "Naleczow POL"]
[Date "1985.07.16"]
[Round "3"]
[White "Dejkalo, Stefan"]
[Black "Lukacs, Peter"]
[Result "0-1"]
[WhiteElo "2325"]
[BlackElo "2470"]
[EventDate "1985.07.15"]
[PlyCount "93"]

1.c4 Nf6 2.d4 e6 3.Nc3 Bb4 4.e3 O-O 5.Ne2 d5 6.a3 Be7 7.cxd5 exd5 8.b4 Re8
9.Ng3 c6 10.Be2 Nbd7 11.O-O Nf8 12.Bd2 Bd6 13.b5 Qe7 14.a4 g6 15.Re1 h5 
16.a5 Ne6 17.a6 Nc7 18.axb7 Bxb7 19.bxc6 Bxc6 20.Qc2 Bd7 21.Bd3 h4 22.Nf1 
h3 23.g3 Ne4 24.Nxe4 dxe4 25.Bc4 Rec8 26.Ba5 Nd5 27.Qe2 Be6 28.Nd2 Bb4 29.
Bxb4 Nxb4 30.Rec1 a5 31.f4 exf3 32.Qxf3 Re8 33.e4 a4 34.e5 Qa7 35.Qf2 a3 
36.Ne4 Bxc4 37.Rxc4 Nd3 38.Nf6+ Kf8 39.Qd2 Nxe5 40.Qb4+ Re7 41.Rc3 Rd8 42.
Rcxa3 Qxd4+ 43.Qxd4 Rxd4 44.Ra8+ Kg7 45.Rf1 Nc4 46.Rg8+ Kh6 47.Rh8+ 0-1

[Event "21st PKWN Festival it"]
[Site "Naleczow POL"]
[Date "1985.07.16"]
[Round "3"]
[White "Dobosz, Henryk"]
[Black "Hawelko, Marek"]
[Result "0-1"]
[WhiteElo "2380"]
[BlackElo "2420"]
[EventDate "1985.07.15"]
[PlyCount "86"]

1.d4 Nf6 2.c4 g6 3.Nc3 Bg7 4.e4 d6 5.h3 Nbd7 6.Nf3 e5 7.dxe5 dxe5 8.Be3 
O-O 9.Be2 c6 10.c5 Qe7 11.Qc2 Nxc5 12.Nd5 cxd5 13.Qxc5 Qxc5 14.Bxc5 Re8 
15.exd5 Nxd5 16.Bb5 Rd8 17.Rd1 Bd7 18.Bc4 Bc6 19.O-O b6 20.Ba3 b5 21.Bb3 
b4 22.Bxd5 Rxd5 23.Bxb4 e4 24.Rxd5 Bxd5 25.Rd1 Bxa2 26.Nd4 Rd8 27.Bc3 Bc4 
28.Rd2 a6 29.g3 f5 30.h4 Kf7 31.b3 Bd3 32.Ne2 Bxe2 33.Rxd8 Bxc3 34.Rd7+ 
Kg8 35.Rd8+ Kg7 36.Rd7+ Kh6 37.Kg2 a5 38.Kg1 Bb4 39.Kh2 Bd3 40.f3 Bb5 41.
Rb7 Bc6 42.Rc7 e3 43.Kh3 Bxf3 0-1

[Event "21st PKWN Festival it"]
[Site "Naleczow POL"]
[Date "1985.07.17"]
[Round "4"]
[White "Redzepagic, Rolando"]
[Black "Tomaszewski, Roman"]
[Result "0-1"]
[WhiteElo "2345"]
[BlackElo "2410"]
[EventDate "1985.07.15"]
[PlyCount "71"]

1.d4 Nf6 2.c4 g6 3.Nc3 d5 4.Nf3 Bg7 5.cxd5 Nxd5 6.e4 Nxc3 7.bxc3 O-O 8.Be2
c5 9.Rb1 cxd4 10.cxd4 Qa5+ 11.Qd2 Qxd2+ 12.Kxd2 Rd8 13.Ke3 e6 14.Bc4 Nc6 
15.Rd1 b6 16.Bb2 Na5 17.Bd3 Bb7 18.g4 Rac8 19.Rbc1 Rxc1 20.Rxc1 f5 21.h3 
fxe4 22.Bxe4 Bd5 23.Nd2 Bxa2 24.Rc7 a6 25.Bd3 b5 26.Bc3 Nb3 27.Ne4 h6 28.
d5 Bxc3 29.Nxc3 Nc1 30.Bxg6 exd5 31.Kd2 b4 32.Bf7+ Kf8 33.Kxc1 bxc3 34.f4 
Bc4 35.f5 Bf1 36.Be6 0-1

[Event "21st PKWN Festival it"]
[Site "Naleczow POL"]
[Date "1985.07.17"]
[Round "4"]
[White "Ionescu, Constantin"]
[Black "Przewoznik, Jan"]
[Result "1-0"]
[WhiteElo "2420"]
[BlackElo "2405"]
[EventDate "1985.07.15"]
[PlyCount "85"]

1.d4 Nf6 2.c4 e6 3.Nc3 Bb4 4.Bg5 h6 5.Bh4 d5 6.e3 Nbd7 7.Bd3 c5 8.Ne2 cxd4
9.exd4 dxc4 10.Bxc4 O-O 11.O-O a6 12.a3 Bd6 13.Ba2 Qa5 14.Qd3 Qh5 15.Bg3 
Bxg3 16.fxg3 e5 17.h3 exd4 18.Qxd4 Qc5 19.g4 b5 20.Rf5 Qxd4+ 21.Nxd4 Bb7 
22.Raf1 Rad8 23.R5f2 Nb6 24.Nf5 Nbd5 25.Nxd5 Nxd5 26.Rd1 Nb6 27.Ne7+ Kh7 
28.Rxd8 Rxd8 29.Rxf7 Be4 30.Be6 Nc4 31.Bf5+ Bxf5 32.Nxf5 Rg8 33.b3 Nxa3 
34.Ra7 b4 35.Rxa6 Rd8 36.Ra7 Rd3 37.Rxg7+ Kh8 38.Rb7 Rxb3 39.Nxh6 Nc4 40.
g5 Nd6 41.Rd7 Rb1+ 42.Kh2 Ne8 43.g6 1-0

[Event "21st PKWN Festival it"]
[Site "Naleczow POL"]
[Date "1985.07.17"]
[Round "4"]
[White "Hawelko, Marek"]
[Black "Adamski, Jan"]
[Result "1/2-1/2"]
[WhiteElo "2420"]
[BlackElo "2450"]
[EventDate "1985.07.15"]
[PlyCount "59"]

1.e4 c5 2.Nf3 d6 3.d4 cxd4 4.Nxd4 Nf6 5.Nc3 a6 6.Be3 e6 7.g4 Nc6 8.g5 Nd7 
9.h4 Be7 10.Qe2 Qc7 11.O-O-O b5 12.Nxc6 Qxc6 13.Bd4 O-O 14.Rg1 Bb7 15.h5 
b4 16.g6 Bf6 17.gxh7+ Kh8 18.Bxf6 Nxf6 19.e5 Ne8 20.Nb1 dxe5 21.Qxe5 Rc8 
22.Bd3 Qc5 23.Qe2 Nf6 24.h6 g6 25.Nd2 a5 26.Nc4 Be4 27.b3 Qd4 28.Bxe4 Qa1+
29.Kd2 Qc3+ 30.Kc1 1/2-1/2

[Event "21st PKWN Festival it"]
[Site "Naleczow POL"]
[Date "1985.07.17"]
[Round "4"]
[White "Blatny, Pavel"]
[Black "Dobosz, Henryk"]
[Result "1-0"]
[WhiteElo "2395"]
[BlackElo "2380"]
[EventDate "1985.07.15"]
[PlyCount "82"]

1.e4 e6 2.d4 d5 3.e5 Ne7 4.Nf3 b6 5.c3 Qd7 6.a4 c6 7.a5 Ba6 8.Bxa6 Nxa6 9.
Qe2 Qb7 10.b4 Nc7 11.O-O c5 12.bxc5 bxc5 13.dxc5 Nc6 14.Be3 Qa6 15.Qc2 Be7
16.Nbd2 O-O 17.Ra4 g6 18.Re1 Ne8 19.c4 Ng7 20.Bh6 Rfd8 21.Bg5 Nd4 22.Nxd4 
Bxg5 23.N2b3 Rac8 24.c6 Be7 25.c5 Ne8 26.Rb4 Rb8 27.Qc3 Nc7 28.Rb1 Kg7 29.
g3 f6 30.Re1 Kf7 31.exf6 Bxf6 32.Rxb8 Rxb8 33.Qf3 Re8 34.g4 Kg7 35.Qg3 Qc8
36.g5 Bd8 37.Qe5+ Kg8 38.h4 Be7 39.Nxe6 Bf8 40.Nbd4 Nxe6 41.Qxd5 Kf7 1-0

[Event "21st PKWN Festival it"]
[Site "Naleczow POL"]
[Date "1985.07.17"]
[Round "4"]
[White "Velikov, Petar"]
[Black "Dejkalo, Stefan"]
[Result "1/2-1/2"]
[WhiteElo "2450"]
[BlackElo "2325"]
[EventDate "1985.07.15"]
[PlyCount "84"]

1.d4 Nf6 2.Nf3 e6 3.g3 b5 4.Bg2 Bb7 5.O-O c5 6.c3 Be7 7.a4 b4 8.cxb4 cxb4 
9.a5 O-O 10.Nbd2 Na6 11.Nb3 h6 12.Bf4 Be4 13.Ne5 Bxg2 14.Kxg2 Qc8 15.Qd3 
Qb7+ 16.Qf3 Qxf3+ 17.Kxf3 Rfc8 18.Rfc1 Kf8 19.Nc4 Rc6 20.h3 Ke8 21.g4 Nd5 
22.Bg3 Rac8 23.Nd6+ Bxd6 24.Bxd6 Rxc1 25.Rxc1 Rxc1 26.Nxc1 Ndc7 27.Ke3 Nb5
28.Bg3 d5 29.Nd3 f6 30.Nf4 Ke7 31.f3 Nd6 32.Ng6+ Kd7 33.Bxd6 Kxd6 34.Kd3 
Nb8 35.Nf4 g5 36.Nh5 Ke7 37.e3 a6 38.e4 Nc6 39.exd5 exd5 40.Ng3 Nxa5 41.
Nf5+ Ke6 42.Nxh6 Nc6 1/2-1/2

[Event "21st PKWN Festival it"]
[Site "Naleczow POL"]
[Date "1985.07.18"]
[Round "5"]
[White "Staniszewski, Piotr"]
[Black "Dybowski, Jerzy"]
[Result "1-0"]
[WhiteElo "2380"]
[BlackElo "2275"]
[EventDate "1985.07.15"]
[PlyCount "57"]

1.e4 c5 2.Nf3 Nc6 3.d4 cxd4 4.Nxd4 Nf6 5.Nc3 e5 6.Ndb5 d6 7.Bg5 a6 8.Na3 
Be6 9.Nc4 Rc8 10.Bxf6 gxf6 11.Bd3 Rg8 12.O-O Bg4 13.Be2 Bh3 14.Ne3 Nd4 15.
Bg4 Bxg4 16.Nxg4 f5 17.exf5 Qh4 18.Nd5 Be7 19.Nge3 Qh3 20.g3 Rg5 21.c3 
Nxf5 22.Nxf5 Rxf5 23.Qe2 Rh5 24.f4 Rc5 25.Rad1 Rh6 26.fxe5 Qe6 27.Qd2 dxe5
28.Nxe7 Qb6 29.Qd7+ 1-0

[Event "21st PKWN Festival it"]
[Site "Naleczow POL"]
[Date "1985.07.18"]
[Round "5"]
[White "Dejkalo, Stefan"]
[Black "Gesos, Pavlos"]
[Result "1-0"]
[WhiteElo "2325"]
[BlackElo "2405"]
[EventDate "1985.07.15"]
[PlyCount "96"]

1.d4 Nf6 2.c4 g6 3.Nc3 Bg7 4.e4 O-O 5.Bg5 h6 6.Be3 d6 7.f3 Nbd7 8.Qd3 e5 
9.d5 a5 10.O-O-O Kh7 11.g4 Ne8 12.h4 Nc5 13.Nge2 Bd7 14.Ng3 Na4 15.Kb1 
Nxc3+ 16.Qxc3 c5 17.dxc6 bxc6 18.h5 g5 19.c5 d5 20.exd5 cxd5 21.Rxd5 Bf5+ 
22.Bd3 Qxd5 23.Bxf5+ Kg8 24.Be4 Qd8 25.Nf5 Rc8 26.Nxg7 Nxg7 27.Qxe5 Re8 
28.Qc3 a4 29.Rc1 Ne6 30.Qb4 Qe7 31.Qxa4 Red8 32.Qc4 Rc7 33.c6 Rb8 34.Qc3 
Qd6 35.Qf6 Qa3 36.Qc3 Rxb2+ 37.Qxb2 Qxe3 38.Qb3 Qf4 39.Qb8+ Nf8 40.Rd1 
Rxc6 41.Qxf4 Rb6+ 42.Kc2 gxf4 43.a4 Ne6 44.a5 Ra6 45.Ra1 Kf8 46.Kc3 Ke7 
47.Kc4 Kd7 48.Bb7 Ra7 1-0

[Event "21st PKWN Festival it"]
[Site "Naleczow POL"]
[Date "1985.07.18"]
[Round "5"]
[White "Smagin, Sergei"]
[Black "Velikov, Petar"]
[Result "1-0"]
[WhiteElo "2405"]
[BlackElo "2450"]
[EventDate "1985.07.15"]
[PlyCount "115"]

1.e4 c5 2.Nf3 e6 3.c3 Nf6 4.e5 Nd5 5.d4 cxd4 6.cxd4 b6 7.Nc3 Nxc3 8.bxc3 
Bb7 9.Bd3 Nc6 10.O-O Be7 11.Nd2 d6 12.exd6 Qxd6 13.Qg4 g6 14.Nc4 Qd5 15.
Bh6 Qh5 16.Qxh5 gxh5 17.a4 Rg8 18.f3 Rd8 19.Be3 Rg7 20.Rfe1 h4 21.h3 Rc8 
22.Bh6 Rg8 23.Bd2 h5 24.Kf1 Kd8 25.a5 Ba6 26.axb6 Bxc4 27.Bxc4 axb6 28.Be2
Bd6 29.Reb1 Kc7 30.f4 Rg6 31.Bxh5 Rf6 32.Ke2 Bxf4 33.Rf1 Bxd2 34.Rxf6 Bxc3
35.Rc1 Bxd4 36.Rxf7+ Kd6 37.Bf3 Bc5 38.Bxc6 Kxc6 39.Rf4 Rg8 40.Kf1 e5 41.
Rxh4 Kd5 42.Rg4 Rf8+ 43.Ke1 e4 44.Rg5+ Kd4 45.Ke2 Ra8 46.Rd1+ Kc3 47.Rg3+ 
e3 48.Rd3+ Kc2 49.h4 Ra2 50.Rgxe3 Bxe3 51.Kxe3 Ra4 52.Rd4 b5 53.h5 Ra6 54.
g4 Rb6 55.g5 b4 56.g6 b3 57.g7 Rb8 58.h6 1-0

[Event "21st PKWN Festival it"]
[Site "Naleczow POL"]
[Date "1985.07.18"]
[Round "5"]
[White "Dobosz, Henryk"]
[Black "Lukacs, Peter"]
[Result "0-1"]
[WhiteElo "2380"]
[BlackElo "2470"]
[EventDate "1985.07.15"]
[PlyCount "84"]

1.e4 e5 2.Nf3 Nc6 3.Bb5 a6 4.Ba4 Nf6 5.O-O Be7 6.d3 b5 7.Bb3 d6 8.c3 O-O 
9.Nbd2 Na5 10.Bc2 c5 11.Re1 Re8 12.Nf1 Bf8 13.Bg5 h6 14.Bh4 g6 15.Ne3 Bg7 
16.h3 Bb7 17.Qd2 Rc8 18.b4 Nc6 19.Bb3 g5 20.Nf5 Ne7 21.Nxg7 Kxg7 22.Bxg5 
hxg5 23.Qxg5+ Ng6 24.Nh4 Ng8 25.Nf5+ Kf8 26.Qh5 Qf6 27.Re3 c4 28.dxc4 bxc4
29.Bd1 Red8 30.Bg4 Rc7 31.Rd1 d5 32.Qh7 d4 33.cxd4 exd4 34.f4 d3 35.e5 Qh8
36.Qxh8 Nxh8 37.Nd6 Ng6 38.g3 N6e7 39.Ree1 Nh6 40.Rd2 f5 41.Bh5 Nc8 42.g4 
Nxd6 0-1

[Event "21st PKWN Festival it"]
[Site "Naleczow POL"]
[Date "1985.07.18"]
[Round "5"]
[White "Adamski, Jan"]
[Black "Blatny, Pavel"]
[Result "0-1"]
[WhiteElo "2450"]
[BlackElo "2395"]
[EventDate "1985.07.15"]
[PlyCount "80"]

1.c4 e5 2.g3 Nc6 3.Bg2 f5 4.Nc3 Nf6 5.e3 g6 6.Nge2 Bg7 7.d3 O-O 8.Rb1 a5 
9.a3 Ne7 10.O-O d6 11.b4 axb4 12.axb4 c6 13.b5 Be6 14.Bd2 Nd7 15.Qc2 e4 
16.Nf4 exd3 17.Qxd3 Bf7 18.bxc6 bxc6 19.Qxd6 Ne5 20.Qxd8 Raxd8 21.Rfd1 g5 
22.Nfe2 Nxc4 23.Be1 Ne5 24.Rxd8 Rxd8 25.e4 g4 26.exf5 Nf3+ 27.Kh1 Nxf5 28.
h3 h5 29.Rc1 Re8 30.hxg4 hxg4 31.Bxf3 gxf3 32.g4 Nh6 33.Ng1 Nxg4 34.Nxf3 
Bxc3 35.Bxc3 Bd5 36.Kg2 Rf8 37.Kg3 Bxf3 38.Bb4 Rf5 39.Rc3 Ne5 40.Bd6 Bd5 
0-1